00682nam a2200241 a 4500001001300000003000900013005001700022008004100039020001000080082001600090100001800106245004400124260003500168300000900203500003500212505001500247650001300262700001800275902000800293942000700301952011700308999001500425nice12345678IN_TiNIC20260116012327.0050524s1985 jaia grp 000 0 eng  ac15000a954.91bNAY aNayak, Pandav aPakistan Dilemmas of a Developing State aJaipurbAalekh Publisherc1985 a244p aincludes index and biblioraphy2 areferences aPakistan1 aNayak, Pandav bSRS cBK 001040708StackRoom-aHMIbHMId2007-04-12g150.00l0o954.91 NAYp012626r2007-04-12v150.00w2005-05-24yBK c6573d6573